40 poesie

Збережено в:
Бібліографічні деталі
Автор: Bellezza Dario
Формат: Книга
Мова:Невідома мова
Опубліковано: Milano Mondadori 1996
Теги: Додати тег
Немає тегів, Будьте першим, хто поставить тег для цього запису!

MARC

LEADER 00000nam a2200000Ia 4500
001 159
003 NUMERAZIONE-ORIGINALE-BRESCIA
005 20260206230749.0
008 260206s9999 xx 000 0 und d
100 |a Bellezza Dario 
245 0 |a 40 poesie 
260 |a Milano 
260 |b Mondadori 
260 |c 1996 
500 |a I miti poesia 
942 |2 ddc  |c BK  |n 0 
952 |0 0  |1 0  |2 ddc  |4 0  |6 21  |7 0  |9 28355  |a BS  |b BS  |d 2026-02-06  |i 159  |l 0  |o 2-1-*  |r 2026-02-06 22:40:33  |w 2026-02-06  |x [REVISIONARE]  |y BK 
999 |c 24040  |d 24040